书目信息 |
| 题名: |
中国书法大系
|
|
| 作者: | 刘墨 主编 | |
| 分册: | 1 明清书法精品 | |
| 出版信息: | 沈阳 辽宁美术出版社 2015.06 |
|
| 页数: | 1册 | |
| 开本: | 27cm | |
| 丛书名: | ||
| 单 册: | ||
| 中图分类: | J292.21 , J292.26 | |
| 科图分类: | ||
| 主题词: | 法书--作品集--中国 , 法书--作品集--中国--明清时代 | |
| 电子资源: | ||
| ISBN: | 978-7-5314-6652-9 | |
| 000 | 01021nam0 2200277 450 | |
| 001 | 0120151525329 | |
| 005 | 20170424082602.43 | |
| 010 | @a978-7-5314-6652-9@b精装@dCNY150.00 | |
| 100 | @a20150318d2015 em y0chiy50 ea | |
| 101 | 0 | @achi |
| 102 | @aCN@b210000 | |
| 105 | @ay z 000yy | |
| 106 | @ar | |
| 200 | 1 | @a中国书法大系@9zhong guo shu fa da xi@i明清书法精品@h1@dThe Chinese calligraphy series@iThe Ming and Qing dynasty calligraphy selection@hⅠ@f刘墨主编@zeng |
| 210 | @a沈阳@c辽宁美术出版社@d2015.06 | |
| 215 | @a1册@d27cm | |
| 330 | @a本书主要内容包括:文徵明尺牍、王宠石湖八绝句诗卷、董其昌书宋词册、王铎孟津残稿、王铎诗文草稿真迹册。 | |
| 333 | @a书法爱好者 | |
| 510 | 1 | @aChinese calligraphy series@iThe Ming and Qing dynasty calligraphy selection@hⅠ@zeng |
| 606 | 0 | @a法书@x作品集@y中国 |
| 606 | 0 | @a法书@x作品集@y中国@z明清时代 |
| 690 | @aJ292.21@v5 | |
| 690 | @aJ292.26@v5 | |
| 701 | 0 | @a刘墨@9liu mo@4主编 |
| 801 | 0 | @aCN@b人天书店@c20150318 |
| 905 | @b988756-58@dJ292.21@e577:1@f3 | |
| 中国书法大系.明清书法精品.1=The Chinese calligraphy series.The Ming and Qing dynasty calligraphy selection.Ⅰ/刘墨主编.-沈阳:辽宁美术出版社,2015.06 |
| 1册;27cm |
| 使用对象:书法爱好者 |
| ISBN 978-7-5314-6652-9(精装):CNY150.00 |
| 本书主要内容包括:文徵明尺牍、王宠石湖八绝句诗卷、董其昌书宋词册、王铎孟津残稿、王铎诗文草稿真迹册。 |
| ● |
| 相关链接 |
|
|
|
|
正题名:中国书法大系
索取号:J292.21/577:1
 
预约/预借
| 序号 | 登录号 | 条形码 | 馆藏地/架位号 | 状态 | 备注 |
| 1 | 988756 | 209887568 | 第一样本阅览室/ [索取号:J292.21/577:1] | 在馆 | |
| 2 | 988757 | 209887577 | 美术系资料室/ [索取号:J292.21/577:1] | 在馆 | |
| 3 | 988758 | 209887586 | 第一借阅区/ [索取号:J292.21/577:1] | 在馆 |